Tio Petros y la Conjetura de Goldbach.

Furkejuvvon:
Bibliográfalaš dieđut
Váldodahkki: Doxiadis, Apostolos K. (autor)
Materiálatiipa: Dovdameahttun
Almmustuhtton: Barcelona, España: Ediciones B,S.A., 2005.
Preanttus:1.ª edición.
Fáttát:
Fáddágilkorat: Lasit fáddágilkoriid
Eai fáddágilkorat, Lasit vuosttaš fáddágilkora!

MARC

LEADER 00000 a2200000 4500
003 CL-VaPUC
005 20221220085616.0
008 221209t2005 ||||| |||| 00| 0 eng d
999 |c 439271  |d 439269 
020 |a 9788496546561 
040 |c Pontificia Universidad Católica de Valparaíso 
082 7 |a 823.91 DOX 2005  |2 22 
100 |a Doxiadis, Apostolos K.   |9 878262  |e autor 
245 |a Tio Petros y la Conjetura de Goldbach. 
250 |a 1.ª edición. 
260 |a Barcelona, España:  |b Ediciones B,S.A.,  |c 2005. 
300 |a 172 páginas.  
583 |k GC  |c 20221209 
650 |a Matemáticos   |x Novela   |9 879191 
650 |a Conjetura de Goldbach  |x Novela   |9 879192 
942 |2 ddc  |c BK 
952 |0 0  |1 0  |2 ddc  |4 0  |6 823_910000000000000_DOX_2005  |7 0  |8 A  |9 588184  |a BIBMAT  |b BIBMAT  |c GEN  |d 2022-12-09  |e 3  |g 12836.00  |i 5655997  |o 823.91 DOX 2005  |p 5655997  |r 2025-01-07  |t 3  |v 12836.00  |w 2022-12-09  |y BK  |k MAT 
952 |0 0  |1 0  |2 ddc  |4 0  |6 823_910000000000000_DOX_2005  |7 0  |8 A  |9 588185  |a BIBMAT  |b BIBMAT  |c GEN  |d 2022-12-09  |e 3  |g 12836.00  |i 5655995  |o 823.91 DOX 2005  |p 5655995  |r 2025-01-07  |t 1  |v 12836.00  |w 2022-12-09  |y BK  |k MAT 
952 |0 0  |1 0  |2 ddc  |4 0  |6 823_910000000000000_DOX_2005  |7 0  |8 A  |9 588186  |a BIBMAT  |b BIBMAT  |c GEN  |d 2022-12-09  |e 3  |g 12836.00  |i 5655996  |o 823.91 DOX 2005  |p 5655996  |r 2025-01-07  |t 2  |v 12836.00  |w 2022-12-09  |y BK  |k MAT